LEADER 00652nam0-22002651i-450- 001 990003330460403321 005 20001010 035 $a000333046 035 $aFED01000333046 035 $a(Aleph)000333046FED01 035 $a000333046 100 $a20001010d--------km-y0itay50------ba 101 0 $aita 105 $ay-------001yy 200 1 $aCYRANO DE BERGERAC 210 $aMILANO$cFRATELLI BOCCA$d1952 676 $a214 801 0$aIT$bUNINA$gRICA$2UNIMARC 901 $aBK 912 $a990003330460403321 952 $a214 ROS$bLINGUE 045732$fDECLI 959 $aDECLI 996 $aCyrano de Bergerac$9260853 997 $aUNINA DB $aING01 LEADER 00871nam0-22003011i-450 001 990004263690403321 005 20180801160057.0 010 $a88-207-3060-X 035 $a000426369 100 $a20010924d2000----km-y0itay50------ba 101 0 $aita 102 $aIT 105 $ay-------001yy 200 1 $aAmbivalenze del moderno$eDe Sanctis e le tradizioni politiche italiane$fGennaro Maria Barbuto 210 $aNapoli$cLiguori$d2000 215 $a125 p.$d24 cm 225 1 $aProfili 225 1 $aTeorie e oggetti della filosofia$v43 610 0 $aDe Sanctis, Francesco 676 $a801.95$v22 700 1$aBarbuto,$bGennaro Maria$0168948 801 0$aIT$bUNINA$gRICA$2UNIMARC 901 $aBK 912 $a990004263690403321 952 $a801.95 DESA/S 12$bBibl.39655$fFLFBC 959 $aFLFBC 996 $aAmbivalenze del moderno$9490910 997 $aUNINA LEADER 04132nam 2200709Ia 450 001 9910449816503321 005 20200520144314.0 010 $a1-280-71821-8 010 $a9786610718214 010 $a0-88936-824-4 035 $a(CKB)1000000000243758 035 $a(EBL)259215 035 $a(OCoLC)475975803 035 $a(SSID)ssj0000674941 035 $a(PQKBManifestationID)11404731 035 $a(PQKBTitleCode)TC0000674941 035 $a(PQKBWorkID)10668253 035 $a(PQKB)10140777 035 $a(MiAaPQ)EBC259215 035 $a(MiAaPQ)EBC3243382 035 $a(MiAaPQ)EBC4954204 035 $a(Au-PeEL)EBL259215 035 $a(CaPaEBR)ebr10120511 035 $a(OCoLC)935232527 035 $a(Au-PeEL)EBL4954204 035 $a(CaONFJC)MIL71821 035 $a(OCoLC)1027176307 035 $a(EXLCZ)991000000000243758 100 $a20001101d1996 uy 0 101 0 $aspa 135 $aur|n|---||||| 181 $ctxt 182 $cc 183 $acr 200 10$aMa?s alla? de la propiedad intelectual$b[electronic resource] $elos derechos de las comunidades indi?genas y locales a los recursos tradicionales /$fDarrell A. Posey y Graham Dutfield 210 $aOttawa $cCIID Canada$dc1996 215 $a1 online resource (345 p.) 300 $aDescription based upon print version of record. 311 $a1-55250-221-X 327 $aIndice; Prefacio; Reconocimientos; Introduccio?n; Capi?tulo 1¿Quie?n visita las comunidades, que? es lo que busca y por que??; Capi?tulo 2 ¿Hacia do?nde van el conocimiento y los recursos auto?ctonos?; Capi?tulo 3 ¿Quie?n se beneficia con los recursos tradicionales?; Capi?tulo 4 ¿Se informara? a la comunidad?; Capi?tulo 5 ¿Que? derecho tienen realmente las comunidades a aceptar o rechazar la comercializacio?n?; Capi?tulo 6 ¿Co?mo puede proceder judicialmente una comunidad?; Capi?tulo 7 Contratos y pactos; Capi?tulo 8 ¿Para que? sirven los derechos de propiedad intelectual? 327 $aCapi?tulo 9 ¿Las comunidades pueden crear su propio sistema para proteger los derechos a los recursos tradicionales?Capi?tulo 10 ¿Son u?tiles los acuerdos internacionales legalmente obligatorios?; Capi?tulo 11 ¿Co?mo pueden usar las comunidades el derecho inductivo y los instrumentos internacionales no obligatorios?; Capi?tulo 12 ¿Son u?tiles los instrumentos que no son oficiales ni juri?dicos?; Capi?tulo 13 ¿Por que? son importantes los fondos y las directrices en materia de financiamiento?; Capi?tulo 14 ¿Que? estrategias y soluciones creativas se han elaborado? 327 $aCapi?tulo 15 Hacia la proteccio?n, compensacio?n y desarrollo de la comunidadApe?ndices; Glosario; Abreviaturas y acro?nimos; Bibliografi?a; Gui?a de referencias; Indice por temas 330 $aMa?s alla? de la propiedad intelectual escuchae intenta dialogar con esa voz. Ofrece consejos sobre como los pueblos y comunidades indi?genas podrian aproximarse y manejar la miriada de temas que surgen alrededor de los derechos a los recursos tradicionales y al concepto - extran?o a sus culturas - de propiedad intelectual. Consecuentemente, este libro toma tambie?n uno de los temas ma?s controvertidos y explosivos de nuestra e?poca: el patentamiento dela vida. Busca dar una mirada compleja y multifa?cetica que aportea la reflexio?n de activistas, organizaciones de pueblos indi?genas, formuladores de po 606 $aIndigenous peoples$xLegal status, laws, etc 606 $aCultural property$xProtection 606 $aIntellectual property 606 $aEthnobiology 608 $aElectronic books. 615 0$aIndigenous peoples$xLegal status, laws, etc. 615 0$aCultural property$xProtection. 615 0$aIntellectual property. 615 0$aEthnobiology. 676 $a342.08 676 $a342.0872 700 $aPosey$b Darrell Addison$f1947-$01029938 801 0$bMiAaPQ 801 1$bMiAaPQ 801 2$bMiAaPQ 906 $aBOOK 912 $a9910449816503321 996 $aMa?s alla? de la propiedad intelectual$92448217 997 $aUNINA